Wonderland /

Bibliographic Details
Main Author: Yew, Chay
Corporate Author: Alexander Street (Firm)
Format: eBook
Language:English
Published: Alexandria, VA : Alexander Street Press, 2008.
Edition:[1st electronic ed.].
Series:Twentieth century North American drama.
Subjects:
Online Access:Connect to the full text of this electronic book

MARC

Tag First Indicator Second Indicator Subfields
LEADER 00000cam a2200000 i 4500
001 in00005636713
006 m o d
007 cr |n||||||||a
008 080405s2008 vau o 000 0 eng d
005 20250331202319.9
035 |a (OCoLC)ocn593458146 
040 |a ALSTP  |b eng  |e pn  |c ALSTP  |d VLB  |d OCLCQ  |d FTUBL  |d OCLCO  |d OCLCQ  |d MUQ  |d OCLCO  |d OCLCQ  |d OCLCF  |d BRX  |d WYU  |d YOU  |d CNCEN  |d OCLCA  |d UAB  |d SFB  |d OCLCO  |d OCL  |d OCLCO  |d OCLCQ 
019 |a 401298148 
035 |a (OCoLC)593458146  |z (OCoLC)401298148 
050 4 |a PS634 
049 |a TXAM 
100 1 |a Yew, Chay. 
245 1 0 |a Wonderland /  |c by Chay Yew. 
250 |a [1st electronic ed.]. 
260 |a Alexandria, VA :  |b Alexander Street Press,  |c 2008. 
300 |a 1 online resource 
336 |a text  |b txt  |2 rdacontent 
337 |a computer  |b c  |2 rdamedia 
338 |a online resource  |b cr  |2 rdacarrier 
650 0 |a American drama  |x Singaporean American authors. 
650 0 |a American drama. 
650 6 |a Théâtre américain. 
650 7 |a American drama  |2 fast 
655 7 |a Electronic books.  |2 local 
655 7 |a Drama  |2 fast 
655 7 |a Drama.  |2 lcgft 
655 7 |a Théâtre.  |2 rvmgf 
710 2 |a Alexander Street (Firm) 
830 0 |a Twentieth century North American drama. 
856 4 0 |u http://proxy.library.tamu.edu/login?url=https://www.aspresolver.com/aspresolver.asp?NADR;PL007159  |z Connect to the full text of this electronic book  |t 0 
936 |a BATCHLOAD 
955 |a Alexander Street - Twentieth Century North American Drama 
994 |a 92  |b TXA 
999 f f |s a2686db1-a18f-4d2d-8928-0f9bc76cb98b  |i 713ab875-1ae8-40ca-8152-6d99ed13a8d8  |t 0 
952 f f |a Texas A&M University  |b College Station  |c Electronic Resources  |d Available Online  |t 0  |e PS634   |h Library of Congress classification 
998 f f |a PS634   |t 0  |l Available Online